[Event "CZE-chT2F 2122"]
[Site "Czech Republic"]
[Date "2021.11.21"]
[Round "3.2"]
[White "Matejka, Pavel"]
[Black "Tymrakiewicz, Rafal"]
[Result "1/2-1/2"]
[WhiteElo "2204"]
[BlackElo "2225"]
[PlyCount "132"]
[EventDate "2021.10.17"]
[EventType "team-tourn"]
[EventRounds "11"]
[EventCountry "CZE"]
[SourceTitle "EXT 2024"]
[Source "ChessBase"]
[SourceDate "2023.10.10"]
[SourceVersion "1"]
[SourceVersionDate "2023.10.10"]
[SourceQuality "1"]
[WhiteTeam "Dolni Benesov"]
[BlackTeam "Trinec II"]
[WhiteTeamCountry "CZE"]
[BlackTeamCountry "CZE"]

1. d4 Nf6 2. c4 g6 3. Nf3 Bg7 4. g3 0-0 5. Bg2 d6 6. Nc3 Nc6 7. 0-0 e5 8. dxe5 Nxe5 9. Nxe5 dxe5 10. Qxd8 Rxd8 11. Bg5 Rd4 12. b3 c6 13. h3 Bf5 14. g4 Be6 15. Be3 Rdd8 16. Rfd1 Rxd1+ 17. Rxd1 Bf8 18. Na4 Nd7 19. g5 Bb4 20. Kh2 Kf8 21. Kg3 Ke7 22. h4 Bd6 23. Be4 a6 24. h5 Rg8 25. hxg6 hxg6 26. Rh1 f5 27. gxf6+ Nxf6 28. Bg5 Kf7 29. Bxf6 Kxf6 30. Rh7 Rg7 31. Rxg7 Kxg7 32. Nb2 Kf6 33. Nd3 a5 34. a4 Bf5 35. Kf3 Bd7 36. e3 Be8 37. Ke2 Kg5 38. f3 Kh4 39. Nf2 Bf7 40. Bd3 Bf8 41. Ne4 Be7 42. Nf2 Kg5 43. Ne4+ Kh6 44. Nf2 Kg7 45. Ng4 Bd6 46. Nf2 Be6 47. Ne4 Be7 48. Nf2 Bf7 49. Ng4 Bd6 50. Nf2 Kf8 51. Ne4 Be7 52. Nf2 Kg7 53. Ng4 Bd6 54. Nf2 Be8 55. Ne4 Be7 56. Nf2 Kf6 57. Ne4+ Ke6 58. Kd1 Kd7 59. Kc2 Kc7 60. Kd1 b6 61. Kc2 Bh4 62. Kd2 Bf7 63. Ke2 Be6 64. c5 Be7 65. cxb6+ Kxb6 66. Nd2 Bg5 1/2-1/2

[Event "CZE-chT2F 1112"]
[Site "Czech Republic"]
[Date "2011.11.20"]
[Round "3.23"]
[White "Matejka, Pavel"]
[Black "Baier, Pavel"]
[Result "1-0"]
[WhiteElo "2181"]
[BlackElo "2157"]
[PlyCount "129"]
[EventDate "2011.10.09"]
[EventType "team-tourn"]
[EventRounds "11"]
[EventCountry "CZE"]
[SourceTitle "EXT 2013"]
[Source "ChessBase"]
[SourceDate "2012.11.22"]
[SourceVersion "1"]
[SourceVersionDate "2012.11.22"]
[SourceQuality "1"]
[WhiteTeam "Dolni Benesov"]
[BlackTeam "Havirov"]
[WhiteTeamCountry "CZE"]
[BlackTeamCountry "CZE"]

1. c4 g6 2. Nc3 Bg7 3. Nf3 Nf6 4. g3 0-0 5. Bg2 Nc6 6. 0-0 d6 7. Rb1 e5 8. d3 Re8 9. Nd2 Bd7 10. b4 Qc8 11. Re1 Nd4 12. e3 Ne6 13. a4 Rb8 14. b5 Nc5 15. Nb3 Nxb3 16. Rxb3 Bh3 17. Bh1 h5 18. e4 Nd7 19. Be3 Nc5 20. Bxc5 dxc5 21. Qd2 Qd7 22. Qe3 Kh7 23. Reb1 Qd4 24. Bg2 Bxg2 25. Kxg2 Rbd8 26. Re1 Bh6 27. Qe2 h4 28. Qg4 hxg3 29. hxg3 Qd6 30. Qh4 g5 31. Qg4 Qe6 32. Qxe6 Rxe6 33. Nd5 Rd7 34. Kf3 Kg6 35. Ne3 Bg7 36. a5 Re8 37. Rh1 Rh8 38. Rxh8 Bxh8 39. Ke2 Bf6 40. Rb1 Bg7 41. Nf5 Bf8 42. Rh1 f6 43. a6 b6 44. Rh8 Kf7 45. Ne3 Kg7 46. Rh1 Rd8 47. Nd5 Bd6 48. Kf3 Bf8 49. Kg4 Kg6 50. Rh2 Bd6 51. Rh1 Bf8 52. f4 gxf4 53. gxf4 Bd6 54. fxe5 fxe5 55. Rf1 Rh8 56. Rf6+ Kg7 57. Kf5 Rh3 58. Ke6 Rxd3 59. Nxc7 Bxc7 60. Rf7+ Kg6 61. Rxc7 Rd4 62. Rxa7 Rxc4 63. Rb7 Rxe4 64. Rxb6 Ra4 65. Kxe5+ 1-0

[Event "CZE-chT2F 1011"]
[Site "Czech Republic"]
[Date "2011.03.06"]
[Round "9.3"]
[White "Matejka, Pavel"]
[Black "Ockay, Tomas"]
[Result "1/2-1/2"]
[WhiteElo "2186"]
[BlackElo "2176"]
[PlyCount "83"]
[EventDate "2010.10.17"]
[EventType "team-tourn"]
[EventRounds "11"]
[EventCountry "CZE"]
[SourceTitle "EXT 2012"]
[Source "ChessBase"]
[SourceDate "2011.11.24"]
[SourceVersion "1"]
[SourceVersionDate "2011.11.24"]
[SourceQuality "1"]
[WhiteTeam "Benesov"]
[BlackTeam "Poruba VOKD"]
[WhiteTeamCountry "CZE"]
[BlackTeamCountry "CZE"]

1. c4 Nf6 2. Nc3 e5 3. Nf3 Nc6 4. e3 Be7 5. d4 exd4 6. exd4 d5 7. h3 0-0 8. Be2 dxc4 9. Bxc4 Nb4 10. 0-0 c6 11. a3 Nbd5 12. Re1 Be6 13. Ng5 Nxc3 14. Nxe6 Nxd1 15. Nxd8 Bxd8 16. Rxd1 Bb6 17. b4 Rad8 18. Bb2 Rd6 19. Rd3 Re8 20. Rad1 Nd5 21. Rf3 Bd8 22. b5 Bf6 23. bxc6 Nb6 24. Bb3 bxc6 25. Bc1 Red8 26. Be3 R8d7 27. Rc1 Nd5 28. Rf5 g6 29. Rf3 Kg7 30. g4 h6 31. Ba4 Ne7 32. d5 Rxd5 33. Bxc6 Nxc6 34. Rxc6 Bd4 35. Ra6 Bxe3 36. Rxe3 R5d6 37. Ra4 Rf6 38. Kg2 Rc6 39. Re5 Rf6 40. Re3 Rc6 41. Re5 Rf6 42. Re3 1/2-1/2

[Event "CZE-chT2F 1011"]
[Site "Czech Republic"]
[Date "2011.01.23"]
[Round "6.2"]
[White "Matejka, Pavel"]
[Black "Macicek, Jakub"]
[Result "0-1"]
[WhiteElo "2186"]
[BlackElo "2199"]
[PlyCount "62"]
[EventDate "2010.10.17"]
[EventType "team-tourn"]
[EventRounds "11"]
[EventCountry "CZE"]
[SourceTitle "EXT 2012"]
[Source "ChessBase"]
[SourceDate "2011.11.24"]
[SourceVersion "1"]
[SourceVersionDate "2011.11.24"]
[SourceQuality "1"]
[WhiteTeam "Benesov"]
[BlackTeam "Senov"]
[WhiteTeamCountry "CZE"]
[BlackTeamCountry "CZE"]

1. c4 Nf6 2. Nc3 e6 3. e4 d5 4. e5 Nfd7 5. cxd5 Nxe5 6. d4 Ng6 7. dxe6 Bxe6 8. d5 Bd7 9. Nf3 Bd6 10. Bg5 f6 11. Be3 0-0 12. Qd2 a5 13. a3 Na6 14. Ne4 Bf5 15. Nxd6 Qxd6 16. Qxa5 Nb4 17. Qxb4 Qxb4+ 18. axb4 Rxa1+ 19. Kd2 Kh8 20. Nd4 Be4 21. Nb3 Rb1 22. f3 Bxd5 23. Kc2 Re1 24. Bd2 Bxb3+ 25. Kxb3 Ra1 26. Kc2 Rd8 27. Bc1 Ne5 28. Be2 Rd6 29. b5 Rd5 30. b4 Ra2+ 31. Bb2 Rxb2+ 0-1

[Event "CZE-chT2F 1011"]
[Site "Czech Republic"]
[Date "2010.12.05"]
[Round "4.4"]
[White "Matejka, Pavel"]
[Black "Slanina, Miroslav"]
[Result "1/2-1/2"]
[WhiteElo "2186"]
[BlackElo "2139"]
[PlyCount "91"]
[EventDate "2010.10.17"]
[EventType "team-tourn"]
[EventRounds "11"]
[EventCountry "CZE"]
[SourceTitle "EXT 2012"]
[Source "ChessBase"]
[SourceDate "2011.11.24"]
[SourceVersion "1"]
[SourceVersionDate "2011.11.24"]
[SourceQuality "1"]
[WhiteTeam "Benesov"]
[BlackTeam "Dobra"]
[WhiteTeamCountry "CZE"]
[BlackTeamCountry "CZE"]

1. d4 d5 2. c4 e6 3. Nc3 Be7 4. Nf3 Nf6 5. e3 0-0 6. Bd3 c5 7. 0-0 Nc6 8. a3 cxd4 9. exd4 dxc4 10. Bxc4 b6 11. Be3 Bb7 12. Qe2 Rc8 13. Rac1 Nd5 14. Nxd5 exd5 15. Ba6 Bxa6 16. Qxa6 Bf6 17. Rc3 Qd7 18. Qb5 Qd6 19. Rfc1 Ne7 20. Rxc8 Rxc8 21. Rxc8+ Nxc8 22. Qe8+ Qf8 23. Qd7 Qd8 24. Qb7 Kf8 25. g4 g6 26. Kg2 Ke8 27. Qc6+ Kf8 28. Bf4 Bg7 29. h3 Ne7 30. Qb7 Nc8 31. Ng5 Ne7 32. Nxh7+ Kg8 33. Bg5 Kxh7 34. Bxe7 Qe8 35. Bh4 Bxd4 36. Qxd5 Bxb2 37. a4 Kg8 38. Qd8 Qxd8 39. Bxd8 Bd4 40. Kf3 a6 41. Bh4 b5 42. Ke4 Bc3 43. axb5 axb5 44. Kd5 b4 45. Kc4 Be1 46. Be7 1/2-1/2

[Event "Moravia-Silesia Region-chT 0708"]
[Site "Czech Republic"]
[Date "2008.01.20"]
[Round "6.5"]
[White "Valickova, Martina"]
[Black "Matejka, Pavel"]
[Result "0-1"]
[WhiteElo "2012"]
[BlackElo "2171"]
[PlyCount "56"]
[EventDate "2007.10.28"]
[EventType "team-tourn"]
[EventRounds "11"]
[EventCountry "CZE"]
[SourceTitle "EXT 2024"]
[Source "ChessBase"]
[SourceDate "2023.10.10"]
[SourceVersion "1"]
[SourceVersionDate "2023.10.10"]
[SourceQuality "1"]

1. e4 d6 2. d4 Nf6 3. Nc3 g6 4. Be3 c6 5. f3 b5 6. Qd2 Qa5 7. g4 b4 8. Nd1 h5 9. g5 Nfd7 10. c3 Na6 11. a3 bxc3 12. Qxc3 Qxc3+ 13. Nxc3 Rb8 14. 0-0-0 Bg7 15. Kc2 Nc7 16. Nge2 0-0 17. Nf4 a5 18. Bc4 e6 19. Nd3 Nb6 20. Ba2 Ba6 21. Bf4 Rfd8 22. e5 Ncd5 23. Nxd5 Nxd5 24. Bxd5 cxd5 25. Rb1 Rdc8+ 26. Kd2 Rb3 27. Ne1 dxe5 28. Bxe5 Bf8 0-1

[Event "CZE-chT2f 0506"]
[Site "Czech Republic"]
[Date "2005.11.20"]
[Round "3.3"]
[White "Gibiec, Ernest"]
[Black "Matejka, Pavel"]
[Result "1-0"]
[WhiteElo "2274"]
[BlackElo "2188"]
[PlyCount "37"]
[EventDate "2005.10.16"]
[EventType "team"]
[EventRounds "11"]
[EventCountry "CZE"]
[SourceTitle "EXT 2009"]
[Source "ChessBase"]
[SourceDate "2008.11.26"]
[SourceVersion "1"]
[SourceVersionDate "2008.11.26"]
[SourceQuality "1"]

1. d4 d5 2. c4 c6 3. cxd5 cxd5 4. Nc3 Nf6 5. Nf3 Nc6 6. Bf4 a6 7. Rc1 Bf5 8. e3 e6 9. Qb3 Nd7 10. Qxb7 Nb4 11. Ne5 Nxe5 12. Bxe5 f6 13. Nb5 fxe5 14. Nc7+ Kf7 15. Nxa8+ Kg6 16. a3 Qa5 17. axb4 Bxb4+ 18. Ke2 Rxa8 19. g4 1-0

[Event "MOR-chT2N 0203"]
[Site "Moravia"]
[Date "2003.03.02"]
[Round "9"]
[White "Vesely, Martin"]
[Black "Matejka, Pavel"]
[Result "1/2-1/2"]
[WhiteElo "2106"]
[BlackElo "2170"]
[PlyCount "84"]
[EventDate "2002.10.??"]
[EventType "team"]
[EventRounds "11"]
[EventCountry "CZE"]
[SourceTitle "EXT 2006"]
[Source "ChessBase"]
[SourceDate "2005.11.24"]
[SourceVersion "1"]
[SourceVersionDate "2005.11.24"]
[SourceQuality "1"]

1. d4 Nf6 2. Nf3 e6 3. g3 c5 4. Bg2 Nc6 5. 0-0 d5 6. c4 dxc4 7. Qa4 Bd7 8. Qxc4 cxd4 9. Nxd4 Rc8 10. Nc3 Nxd4 11. Qxd4 Bc5 12. Qe5 Qb6 13. Ne4 Nxe4 14. Bxe4 Bd4 15. Qf4 f5 16. Bg2 e5 17. Qd2 e4 18. Rd1 Bxf2+ 19. Kh1 Rd8 20. Qc3 0-0 21. Bg5 Rc8 22. Qd2 Bc6 23. e3 h6 24. Bf4 g5 25. Qxf2 gxf4 26. Qxf4 Rf6 27. b3 Qc7 28. Qf2 Rd8 29. Rac1 Kg7 30. Qb2 Kg6 31. Rd4 Rfd6 32. Rcd1 Rxd4 33. Rxd4 Qe5 34. Qc3 Rxd4 35. exd4 Qe7 36. Kg1 h5 37. h4 f4 38. gxf4 Qxh4 39. Qe3 Qe7 40. Kf2 Qh4+ 41. Kg1 Qg4 42. Kf2 Qh4+ 1/2-1/2

[Event "MOR-chT2N 0203"]
[Site "Moravia"]
[Date "2003.02.16"]
[Round "8"]
[White "Matejka, Pavel"]
[Black "Holeksa, Milos"]
[Result "1/2-1/2"]
[WhiteElo "2170"]
[BlackElo "2126"]
[PlyCount "113"]
[EventDate "2002.10.??"]
[EventType "team"]
[EventRounds "11"]
[EventCountry "CZE"]
[SourceTitle "EXT 2006"]
[Source "ChessBase"]
[SourceDate "2005.11.24"]
[SourceVersion "1"]
[SourceVersionDate "2005.11.24"]
[SourceQuality "1"]

1. e4 e5 2. Nf3 Nc6 3. Bb5 a6 4. Ba4 d6 5. 0-0 Bd7 6. c3 Nge7 7. d4 Ng6 8. Re1 Be7 9. Nbd2 0-0 10. Nf1 Qe8 11. Bc2 Bg4 12. d5 Nb8 13. Ne3 Bxf3 14. Qxf3 Bg5 15. g3 Nd7 16. h4 Bxe3 17. Bxe3 h6 18. a4 a5 19. b4 b6 20. Rad1 Qe7 21. h5 Nh8 22. Kg2 Nf6 23. g4 Nh7 24. Qg3 f6 25. Bd2 Nf7 26. Ra1 Rfb8 27. Reb1 Nhg5 28. Qd3 Qd7 29. f3 Nd8 30. Bb3 Kf7 31. Bc4 Qc8 32. Bb5 Ke7 33. Qc4 Ra7 34. Kg3 Ngf7 35. Rb2 Rba8 36. Rab1 Ng5 37. Qd3 Ngf7 38. Re1 Nb7 39. Bc6 Nfd8 40. f4 axb4 41. fxe5 dxe5 42. cxb4 Nxc6 43. dxc6 Nd6 44. a5 bxa5 45. Be3 axb4 46. Bxa7 Rxa7 47. Rxb4 Qa8 48. Rc1 Ra3 49. Rc3 Qa5 50. Rxa3 Qxb4 51. Kf3 Qe1 52. Ra2 Qh1+ 53. Rg2 Qc1 54. Rd2 Qh1+ 55. Rg2 Qc1 56. Rd2 Qh1+ 57. Rg2 1/2-1/2

[Event "Brno Duras BVK op-A"]
[Site "Brno"]
[Date "2001.??.??"]
[Round "3"]
[White "Holemar, David"]
[Black "Matejka, Pavel"]
[Result "1-0"]
[WhiteElo "2255"]
[BlackElo "2175"]
[PlyCount "83"]
[EventDate "2001.??.??"]
[EventType "swiss"]
[EventRounds "9"]
[EventCountry "CZE"]
[SourceTitle "EXT 2003"]
[Source "ChessBase"]
[SourceDate "2002.11.25"]
[SourceVersion "1"]
[SourceVersionDate "2002.11.25"]
[SourceQuality "1"]

1. d4 Nf6 2. c4 c5 3. d5 b5 4. cxb5 a6 5. bxa6 Bxa6 6. Nc3 d6 7. Nf3 g6 8. e4 Bxf1 9. Kxf1 Bg7 10. h3 0-0 11. Kg1 Qa5 12. Kh2 Nbd7 13. Re1 Rfb8 14. Re2 Rb7 15. Rc2 Ne8 16. Bg5 Nb6 17. Qe2 Na4 18. Nxa4 Qxa4 19. Rac1 Nf6 20. Bxf6 Bxf6 21. b3 Qb5 22. Re1 Qxe2 23. Rexe2 Rba7 24. g3 h5 25. Kg2 Ra3 26. h4 Bg7 27. Nh2 Rc8 28. Nf1 Bd4 29. Nd2 Rb8 30. Nc4 Ra6 31. f4 e6 32. dxe6 fxe6 33. e5 d5 34. Nd2 Rba8 35. Nf3 Ba1 36. Ne1 c4 37. bxc4 dxc4 38. Rxc4 Rxa2 39. Rec2 Rxc2+ 40. Rxc2 g5 41. hxg5 Kf7 42. Nf3 1-0

[Event "Brno Duras BVK op-A"]
[Site "Brno"]
[Date "2001.??.??"]
[Round "6"]
[White "Matejka, Pavel"]
[Black "Groh, Jiri"]
[Result "0-1"]
[WhiteElo "2176"]
[BlackElo "2090"]
[PlyCount "150"]
[EventDate "2001.??.??"]
[EventType "swiss"]
[EventRounds "9"]
[EventCountry "CZE"]
[SourceTitle "EXT 2003"]
[Source "ChessBase"]
[SourceDate "2002.11.25"]
[SourceVersion "1"]
[SourceVersionDate "2002.11.25"]
[SourceQuality "1"]

1. d4 d5 2. Nf3 Nf6 3. c4 e6 4. Nc3 Be7 5. Bg5 0-0 6. e3 h6 7. Bh4 b6 8. Rc1 Bb7 9. Bxf6 Bxf6 10. cxd5 exd5 11. Be2 Nd7 12. Qb3 c5 13. 0-0 Re8 14. Nxd5 Bxd4 15. Rfd1 Ne5 16. Nf4 Nxf3+ 17. Bxf3 Bxf3 18. gxf3 Qg5+ 19. Kh1 Be5 20. Rg1 Qf6 21. Rg6 Qf5 22. Rcg1 Kh7 23. R6g4 Rad8 24. e4 Qd7 25. Nh5 g6 26. Nf4 Bxf4 27. Rxf4 Kg7 28. Kg2 Re6 29. Re1 Qd2 30. Re3 Rd4 31. a3 Qc1 32. Qc3 Qxc3 33. Rxc3 Re5 34. b4 c4 35. Kf1 b5 36. Rg4 Rd2 37. Re3 Rd4 38. Ke2 Rh5 39. h4 Re5 40. Rg1 Re6 41. h5 Red6 42. f4 Rd2+ 43. Kf3 R6d3 44. e5 Rxe3+ 45. fxe3 c3 46. e6 Kf8 47. exf7 gxh5 48. Rg8+ Kxf7 49. Rc8 c2 50. Rc6 Rh2 51. Kg3 Re2 52. Kf3 Rd2 53. Kg3 Ke7 54. f5 Kd7 55. Rc5 Rd3 56. Kf3 Rxa3 57. Rxc2 Rb3 58. Ra2 Rxb4 59. Rxa7+ Kd6 60. e4 Rb1 61. Ra6+ Kc5 62. Kf4 b4 63. Rxh6 b3 64. Ke5 b2 65. Rh8 Rc1 66. Rc8+ Kb4 67. Rb8+ Kc3 68. f6 b1Q 69. Rxb1 Rxb1 70. Ke6 h4 71. e5 h3 72. f7 Rf1 73. Ke7 h2 74. e6 h1Q 75. f8Q Qb7+ 0-1

[Event "Brno Duras BVK op-A"]
[Site "Brno"]
[Date "2001.??.??"]
[Round "7"]
[White "Tomes, Zdenek"]
[Black "Matejka, Pavel"]
[Result "0-1"]
[WhiteElo "2102"]
[BlackElo "2176"]
[PlyCount "50"]
[EventDate "2001.??.??"]
[EventType "swiss"]
[EventRounds "9"]
[EventCountry "CZE"]
[SourceTitle "EXT 2003"]
[Source "ChessBase"]
[SourceDate "2002.11.25"]
[SourceVersion "1"]
[SourceVersionDate "2002.11.25"]
[SourceQuality "1"]

1. e4 c5 2. c3 e6 3. d4 d5 4. exd5 exd5 5. Nf3 Nc6 6. Bb5 Bd6 7. dxc5 Bxc5 8. 0-0 Nge7 9. Nbd2 a6 10. Bd3 Bg4 11. Nb3 Bd6 12. Bg5 Qc7 13. Re1 Bxh2+ 14. Kh1 Bd6 15. Nbd4 0-0 16. g3 h6 17. Be3 Nxd4 18. Bxd4 Nc6 19. Be2 Rfe8 20. Kg2 Rad8 21. Be3 Bxg3 22. Bxh6 Bf4 23. Bxf4 Qxf4 24. Qc1 Qf6 25. Kg3 Rxe2 0-1